| 000 | 00566nam a2200181Ia 4500 | ||
|---|---|---|---|
| 001 | 20657 | ||
| 003 | GE_BSU | ||
| 008 | 181216s||||||||xx |||||||||||||| ||und|| | ||
| 040 | _cGE_BSU | ||
| 245 | _aქართველოლოგი. The Kartvelologist. 25 (10) | ||
| 245 | _cრედ. ელგუჯა ხინთიბიძე, | ||
| 260 | _aთბილისი | ||
| 260 | _c2016 | ||
| 300 | _a305გვ. 20სმ. | ||
| 653 | _aპერიოდიკა | ||
| 653 | _aქართველოლოგი. The Kartvelologist. 25 (10) | ||
| 942 | _cCR | ||
| 999 |
_c53610 _d53610 |
||